000 00655nam a2200229 i 4500
001 110106
003 ES-MaACL
005 20250801154529.0
007 t|
008 061121s1968 sp |||| | spa d
100 1 _aOraison, Marc.
_987144
245 1 0 _aSoltería y celibato /
_cMarc Oraison ; [traducción por Florentino Pérez].
250 _a1ª ed.
260 _aBarcelona :
_bEstela,
_c1968.
300 _a187 p. ;
_c18 cm.
490 1 _aVida y amor ;
_v18
650 0 4 _aCelibato.
_910868
700 1 _aPérez, Florentino.
_990573
830 0 0 _aVida y amor
_v18
_9182812
852 _aES-MaACL
_jC-51384
999 _c110106
_d110106